Diccionario para opositores

Detalles Bibliográficos
Autor principal: Loriente Rojo, Miguel ℓngel
Formato: eBook
Lenguaje:español
Publicado: Madrid: Dykinson, 2019
Materias:
Acceso en línea:Acceso restringido

MARC

LEADER 00000nam a22000007a 4500
005 20200625223149.0
007 cr|||| |||
008 200625s2019 es |||||s|||| 00||0 spa d
020 |a 978-84-1324-603-1 
035 |a 31450 
040 |a vLex 
090 |c 10588  |d 10588 
100 1 |a Loriente Rojo, Miguel ℓngel 
245 1 0 |a Diccionario para opositores  |h [Recurso electrn̤ico] /  |c Miguel ℓngel Loriente Rojo 
256 |a Servicio en ln̕ea 
260 |a Madrid:  |b Dykinson,  |c 2019 
300 |a 1 recurso electrn̤ico 
506 1 |a Disponible solo en los productos indicados  |d vLex Global  |d vLex Global (Academic Edition, excluding Law Schools)  |d vLex Global (U.S. Academic Edition, Law Schools)  |d vLex Global (U.S. Academic Edition, excluding Law Schools)  |d vLex Global (Academic Edition, Law Schools) 
650 0 4 |a Derecho Constitucional  |z Espaą 
740 0 |a vLex Libros (Servicio en ln̕ea) 
856 4 0 |u http://vlex.com/source/diccionario-opositores-31450  |z Acceso restringido 
942 |c BOOK 
999 0 |a Constitutional right